[Event "IND-ch Women 2019"]
[Site "Karaikkudi"]
[Date "2019.07.22"]
[Round "5.5"]
[White "Kiran, Manisha Mohanty"]
[Black "Srija, Seshadri"]
[Result "0-1"]
[WhiteElo "2054"]
[BlackElo "2306"]
[Annotator "RC"]
[PlyCount "54"]
[EventDate "2019.07.19"]
[EventType "swiss"]
[EventCountry "IND"]
[SourceTitle "playchess.com"]
[Source "ChessBase"]
[SourceQuality "1"]
[TimeControl "40/5400+30:1800+30"]

1. e4 {[%emt 0:00:56]} e5 {[%emt 0:00:00]} 2. Nf3 {[%emt 0:00:05]} Nc6 {[%emt 0:00:00]} 3. Bb5 {[%emt 0:00:04]} a6 {[%emt 0:00:00]} 4. Ba4 {[%emt 0:00:04]} d6 {[%emt 0:00:12]} 5. Bxc6+ {[%emt 0:02:02]} bxc6 {[%emt 0:00:07]} 6. d4 {[%emt 0:00:04]} f6 {[%emt 0:02:18]} 7. c4 {[%emt 0:01:00]} Ne7 {[%emt 0:01:04]} 8. Nc3 {[%emt 0:00:28]} Ng6 {[%emt 0:00:29]} 9. h3 {[%emt 0:01:29]} Be7 {[%emt 0:01:25]} 10. O-O {[%emt 0:00:55]} O-O {[%emt 0:06:11]} 11. Be3 {[%emt 0:00:33]} Qe8 {[%emt 0:02:56]} 12. Rc1 {[%emt 0:10:27]} f5 {[%emt 0:10:46]} 13. dxe5 {[%emt 0:00:37]} dxe5 {[%emt 0:00:12]} 14. exf5 {[%emt 0:00:07]} Bxf5 {[%emt 0:00:08]} 15. Qe2 {[%emt 0:05:41]} c5 {[%emt 0:09:35]} 16. Nd2 {[%emt 0:13:01]} Nh4 {[%emt 0:07:13]} 17. Nd5 {[%emt 0:08:37]} Bd6 {[%emt 0:00:13]} 18. Bg5 {[%emt 0:25:00]} Nxg2 {[%emt 0:01:58]} 19. Kxg2 {[%emt 0:00:04]} Qg6 {[%emt 0:00:09]} 20. Qe3 {[%emt 0:00:05]} h6 {[%emt 0:01:20]} 21. b4 {[%emt 0:00:52]} cxb4 {[%emt 0:15:47]} 22. c5 {[%emt 0:00:11]} Be6 {[%emt 0:00:16]} 23. Nxb4 {[%emt 0:07:09]} Be7 {[%emt 0:00:25]} 24. h4 {[%emt 0:00:37]} hxg5 {[%emt 0:00:19]} 25. h5 {[%emt 0:00:38]} Qxh5 {[%emt 0:00:39]} 26. Rh1 {[%emt 0:00:23]} Qg4+ {[%emt 0:00:19]} 27. Kf1 {[%emt 0:00:24]} Qxb4 {[%emt 0:01:48]} 0-1

[Event "IND-ch Women 2019"]
[Site "Karaikkudi"]
[Date "2019.07.22"]
[Round "5.6"]
[White "Bala Kannamma P"]
[Black "Priyanka Nutakki"]
[Result "1/2-1/2"]
[WhiteElo "2051"]
[BlackElo "2293"]
[Annotator "TA"]
[PlyCount "75"]
[EventDate "2019.07.19"]
[EventType "swiss"]
[EventCountry "IND"]
[SourceTitle "playchess.com"]
[Source "ChessBase"]
[SourceQuality "1"]

{[%evp 10,75,30,20,23,22,27,16,27,22,21,18,15,30,22,0,0,0,10,0,-6,-16,-16,-25,-7,-18,-16,-25,-16,-14,0,-12,0,-20,0,-26,-14,-28,-14,-28,-27,-70,0,-19,0,-72,-71,-59,5,-77,56,56,56,50,52,0,0,0,0,0,0,0,0,-1,0,0,0,-6]} 1. e4 e6 2. d4 d5 3. Nd2 c5 4. exd5 Qxd5 5. Ngf3 cxd4 6. Bc4 Qd7 {C07: French Tarrasch: 3...c5, 4 Ngf3 and 4 exd5 Qxd5} (6... Qd6 7. O-O Nf6 8. Nb3 Nc6 9. Nbxd4 Nxd4 10. Nxd4 a6 11. Re1 Qc7 12. Bf1 Be7 13. Qf3 O-O 14. Bf4 Bd6 15. Bxd6 Qxd6 16. Rad1 Qc7 17. c4 Rb8 18. Qg3 Qxg3 19. hxg3 Bd7 {½-½ (61) Karjakin,S (2773)-Duda,J (2737) chess.com INT 2018}) 7. O-O Nc6 8. Nb3 {[%cal Rb3d4]} a6 9. Nbxd4 Nxd4 10. Qxd4 Qxd4 11. Nxd4 Bd7 12. b3 Nf6 13. Bb2 Bc5 14. Rad1 O-O 15. Rfe1 $146 ({Predecessor:} 15. Be2 Rad8 16. c4 Bc8 17. a3 e5 18. Nf3 e4 19. Nd4 Ng4 20. b4 {1-0 (34) Potapov,P (2380)-Kosic,D (2504) Budapest 2007}) 15... Rfd8 16. h3 Rac8 17. a4 h6 18. Rd3 Re8 19. Rdd1 Red8 20. Rd3 Re8 21. Rdd1 Bb4 22. Re2 Red8 23. Rd3 Ne8 {Black wants to play ...Nd6.} 24. Rg3 Bd6 {Threatens to win with ...Rxc4.} 25. Rd3 Bb4 (25... e5 $15 26. Nf3 e4 27. Rxe4 b5) 26. Rg3 $11 Bd6 (26... Rb8 $11) 27. Rd3 $17 e5 28. Nf3 b5 (28... e4 $1 $15 29. Rxe4 b5) 29. axb5 {[#]} (29. Bd5 $1 $11 {keeps the balance.}) 29... axb5 ({Better is} 29... e4 $1 $17 {[%cal Re4d3]} 30. Rxe4 axb5) 30. Bd5 $36 {[%mdl 2048] White is pushing.} Bf5 31. Rdd2 $1 Nf6 32. Bxe5 (32. Bb7 $14 Rb8 33. Bxe5) 32... Bxe5 $11 {The position is equal.} 33. Rxe5 Bxc2 34. Bb7 Rxd2 35. Nxd2 Rd8 36. Nf3 Rd1+ 37. Kh2 Bxb3 38. Rxb5 {Accuracy: White = 48%, Black = 48%.} 1/2-1/2

[Event "IND-ch Women 2019"]
[Site "Karaikkudi"]
[Date "2019.07.22"]
[Round "5.7"]
[White "Pratyusha, Bodda"]
[Black "Potluri Saye Srreezza"]
[Result "1-0"]
[WhiteElo "2265"]
[BlackElo "1999"]
[Annotator "TA"]
[PlyCount "85"]
[EventDate "2019.07.19"]
[EventType "swiss"]
[EventCountry "IND"]
[SourceTitle "playchess.com"]
[Source "ChessBase"]
[SourceQuality "1"]

{[%evp 13,85,28,54,54,53,52,48,54,50,50,52,36,36,34,26,37,25,14,36,36,60,54,58,52,71,72,76,51,55,55,81,63,80,78,124,127,127,132,122,111,98,77,66,55,60,60,87,75,81,64,91,87,83,79,97,0,98,29,74,73,65,47,52,29,57,55,86,67,70,68,94,73,578,578]} 1. d4 d5 2. c4 e6 3. Nc3 Nf6 4. cxd5 exd5 5. Bg5 c6 6. e3 Bf5 7. Qf3 Be6 8. Bxf6 {D35: Queen's Gambit Declined: Exchange Variation} Qxf6 9. Qxf6 gxf6 10. Bd3 {White is slightly better.} Bd6 (10... Nd7 11. Nge2 Nb6 12. Nf4 Nc8 13. f3 h5 14. h4 Bd6 15. Nce2 Bd7 {1-0 (54) Giri,A (2762)-Zvjaginsev,V (2643) Antalya 2017}) 11. Nge2 Nd7 12. Ng3 h5 13. Nf5 Bxf5 $146 ({Predecessor:} 13... Bc7 14. g3 Nb6 15. Ke2 Nc8 {½-½ (30) Jedynak,R (2498)-Grabarczyk,M (2477) Karpacz 2009}) 14. Bxf5 h4 15. Ke2 Nf8 16. g4 $36 {[%mdl 2048] White has some pressure.} hxg3 17. hxg3 Rxh1 18. Rxh1 Rd8 19. Rh6 Ke7 20. Kd3 Bc7 21. g4 Bd6 22. Ne2 Bc7 23. f4 b6 24. Ng3 c5 25. Nh5 Rd6 26. Ng7 {Threatens to win with Bc8.} Rd8 27. g5 fxg5 28. fxg5 cxd4 29. Kxd4 b5 {[#]} 30. Nh5 $1 Bb6+ 31. Kd3 Nd7 32. Bxd7 $1 Rxd7 $16 {[%mdl 4096] Endgame KRB-KRN} 33. Ng3 Kf8 34. Nh5 (34. Nf5 {feels hotter.} Kg8 35. b4 Rc7 36. Rd6 Rc1 37. Ne7+) 34... Ke7 $1 {[#]} 35. Rh7 (35. Ng7 $1 $16) 35... Ke6 36. Nf4+ Kd6 37. Rh5 Kc6 38. Rh6+ Kc7 39. Rf6 Kb7 40. Rf5 Kc6 $1 41. Ke2 Bc7 42. Nd3 {Hoping for Rf6+.} a5 $2 {[%mdl 8192]} (42... Bd6 $16 {holds on.}) 43. Rf6+ {Accuracy: White = 62%, Black = 52%.} 1-0

[Event "IND-ch Women 2019"]
[Site "Karaikkudi"]
[Date "2019.07.22"]
[Round "5.8"]
[White "Saranya, J."]
[Black "Nandhidhaa, P V"]
[Result "0-1"]
[WhiteElo "2067"]
[BlackElo "2259"]
[Annotator "RC"]
[PlyCount "213"]
[EventDate "2019.07.19"]
[EventType "swiss"]
[EventCountry "IND"]
[SourceTitle "playchess.com"]
[Source "ChessBase"]
[SourceQuality "1"]
[TimeControl "40/5400+30:1800+30"]

1. e4 {[%emt 0:00:50]} c5 {[%emt 0:00:00]} 2. Nf3 {[%emt 0:00:03]} e6 {[%emt 0:00:00]} 3. g3 {[%emt 0:00:22]} Nc6 {[%emt 0:00:00]} 4. Bg2 {[%emt 0:00:05]} Nf6 {[%emt 0:00:01]} 5. Qe2 {[%emt 0:01:02]} d5 {[%emt 0:00:35]} 6. exd5 {[%emt 0:01:44]} Nxd5 {[%emt 0:00:06]} 7. O-O {[%emt 0:00:10]} Be7 {[%emt 0:00:06]} 8. Rd1 {[%emt 0:01:48]} Qb6 {[%emt 0:00:20]} 9. Nc3 {[%emt 0:08:00]} O-O {[%emt 0:05:36]} 10. a3 {[%emt 0:14:47]} Nf6 {[%emt 0:10:09]} 11. d3 {[%emt 0:18:44]} Nd4 {[%emt 0:05:25]} 12. Nxd4 {[%emt 0:01:59]} cxd4 {[%emt 0:00:06]} 13. Ne4 {[%emt 0:01:23]} Bd7 {[%emt 0:03:21]} 14. c4 {[%emt 0:04:21]} dxc3 {[%emt 0:02:17]} 15. bxc3 {[%emt 0:01:15]} Nxe4 {[%emt 0:02:40]} 16. Bxe4 {[%emt 0:00:45]} Bc6 {[%emt 0:00:33]} 17. Bf4 {[%emt 0:05:31]} Rac8 {[%emt 0:02:28]} 18. c4 {[%emt 0:06:38]} Rfd8 {[%emt 0:10:47]} 19. a4 {[%emt 0:03:55]} Bf6 {[%emt 0:07:03]} 20. Rab1 {[%emt 0:07:24]} Qa6 {[%emt 0:01:04]} 21. Bxc6 {[%emt 0:00:43]} Rxc6 {[%emt 0:04:07]} 22. Be5 {[%emt 0:07:41]} Bxe5 {[%emt 0:03:06]} 23. Qxe5 {[%emt 0:00:06]} Qxa4 {[%emt 0:00:35]} 24. Ra1 {[%emt 0:00:48]} Qc2 {[%emt 0:06:12]} 25. Rac1 {[%emt 0:01:18]} Qa4 {[%emt 0:03:31]} 26. Ra1 {[%emt 0:00:05]} Qb4 {[%emt 0:01:33]} 27. Rdb1 {[%emt 0:01:38]} Qd2 {[%emt 0:02:48]} 28. Rd1 {[%emt 0:03:32]} Qc2 {[%emt 0:05:58]} 29. Rac1 {[%emt 0:00:19]} Qb3 {[%emt 0:05:23]} 30. Rb1 {[%emt 0:00:09]} Qa3 {[%emt 0:03:42]} 31. Rxb7 {[%emt 0:01:54]} Rxc4 {[%emt 0:06:01]} 32. Qh5 {[%emt 0:01:28]} g6 {[%emt 0:01:23]} 33. Qf3 {[%emt 0:00:09]} Rf8 {[%emt 0:01:30]} 34. Rxa7 {[%emt 0:02:20]} Qc3 {[%emt 0:01:00]} 35. Rd7 {[%emt 0:01:01]} Rc7 {[%emt 0:02:01]} 36. Rxc7 {[%emt 0:00:52]} Qxc7 {[%emt 0:00:01]} 37. Rb1 {[%emt 0:00:14]} Rd8 {[%emt 0:03:03]} 38. Rb7 {[%emt 0:00:41]} Rxd3 {[%emt 0:01:05]} 39. Rxc7 {[%emt 0:02:10]} Rxf3 {[%emt 0:00:06]} 40. h4 {[%emt 0:00:00]} Kg7 {[%emt 0:00:00]} 41. Kg2 {[%emt 0:01:47]} Rd3 {[%emt 0:02:46]} 42. Rb7 {[%emt 0:05:34]} e5 {[%emt 0:01:58]} 43. Ra7 {[%emt 0:02:09]} Kf6 {[%emt 0:00:49]} 44. Ra6+ {[%emt 0:02:12]} Kf5 {[%emt 0:04:57]} 45. Ra4 {[%emt 0:04:45]} h5 {[%emt 0:02:37]} 46. Ra5 {[%emt 0:02:11]} f6 {[%emt 0:01:54]} 47. Ra8 {[%emt 0:01:01]} Rd2 {[%emt 0:01:50]} 48. Re8 {[%emt 0:01:58]} Rd6 {[%emt 0:04:31]} 49. Ra8 {[%emt 0:01:34]} Rd2 {[%emt 0:00:39]} 50. Re8 {[%emt 0:00:05]} e4 {[%emt 0:00:21]} 51. Re7 {[%emt 0:00:51]} Rd5 {[%emt 0:00:24]} 52. Re8 {[%emt 0:01:29]} Ra5 {[%emt 0:00:32]} 53. Re7 {[%emt 0:01:06]} Re5 {[%emt 0:00:06]} 54. Rg7 {[%emt 0:00:05]} e3 {[%emt 0:01:58]} 55. fxe3 {[%emt 0:00:28]} Rxe3 {[%emt 0:00:02]} 56. Rg8 {[%emt 0:02:01]} Ra3 {[%emt 0:00:16]} 57. Rb8 {[%emt 0:02:07]} Ra4 {[%emt 0:00:21]} 58. Rb6 {[%emt 0:01:18]} Ke5 {[%emt 0:03:03]} 59. Rb5+ {[%emt 0:00:38]} Ke4 {[%emt 0:00:32]} 60. Rb6 {[%emt 0:00:45]} Ra2+ {[%emt 0:00:43]} 61. Kg1 {[%emt 0:01:23]} Kf5 {[%emt 0:03:03]} 62. Rb4 {[%emt 0:00:18]} Re2 {[%emt 0:01:12]} 63. Rf4+ {[%emt 0:00:52]} Ke5 {[%emt 0:00:06]} 64. Ra4 {[%emt 0:00:16]} Rd2 {[%emt 0:00:45]} 65. Ra6 {[%emt 0:01:46]} Rd6 {[%emt 0:01:09]} 66. Ra4 {[%emt 0:00:06]} Rd2 {[%emt 0:01:15]} 67. Ra6 {[%emt 0:00:05]} Kf5 {[%emt 0:00:06]} 68. Kf1 {[%emt 0:02:01]} Ke5 {[%emt 0:01:47]} 69. Rb6 {[%emt 0:00:51]} Rd6 {[%emt 0:00:44]} 70. Rb4 {[%emt 0:00:08]} Rd4 {[%emt 0:00:02]} 71. Rb6 {[%emt 0:02:18]} Rg4 {[%emt 0:01:01]} 72. Kf2 {[%emt 0:00:40]} f5 {[%emt 0:00:11]} 73. Rb5+ {[%emt 0:01:03]} Ke4 {[%emt 0:00:16]} 74. Rb4+ {[%emt 0:00:43]} Kd5 {[%emt 0:01:09]} 75. Rb6 {[%emt 0:00:56]} f4 {[%emt 0:01:09]} 76. gxf4 {[%emt 0:00:25]} Ke4 {[%emt 0:00:45]} 77. Rb4+ {[%emt 0:01:21]} Kf5 {[%emt 0:00:06]} 78. Kf3 {[%emt 0:00:41]} Rxh4 {[%emt 0:00:03]} 79. Rb5+ {[%emt 0:00:09]} Kf6 {[%emt 0:00:02]} 80. Kg3 {[%emt 0:00:59]} Rg4+ {[%emt 0:00:14]} 81. Kf3 {[%emt 0:00:06]} Rg1 {[%emt 0:00:23]} 82. Rb2 {[%emt 0:00:36]} Rf1+ {[%emt 0:00:14]} 83. Kg3 {[%emt 0:00:05]} Rd1 {[%emt 0:00:21]} 84. Rb5 {[%emt 0:00:23]} Rd3+ {[%emt 0:00:18]} 85. Kg2 {[%emt 0:00:34]} Ke6 {[%emt 0:01:48]} 86. Rg5 {[%emt 0:00:11]} Kf6 {[%emt 0:00:01]} 87. Rb5 {[%emt 0:00:14]} Rc3 {[%emt 0:00:18]} 88. Ra5 {[%emt 0:00:09]} Rb3 {[%emt 0:00:09]} 89. Rc5 {[%emt 0:00:06]} Kg7 {[%emt 0:00:34]} 90. Ra5 {[%emt 0:00:23]} Kf6 {[%emt 0:01:16]} 91. Rc5 {[%emt 0:00:10]} h4 {[%emt 0:00:10]} 92. Rg5 {[%emt 0:01:02]} Ra3 {[%emt 0:00:51]} 93. Rb5 {[%emt 0:00:46]} Rg3+ {[%emt 0:00:06]} 94. Kf2 {[%emt 0:00:48]} Rg4 {[%emt 0:01:03]} 95. Kf3 {[%emt 0:00:06]} Rg1 {[%emt 0:00:02]} 96. Rb2 {[%emt 0:00:49]} Rg3+ {[%emt 0:00:46]} 97. Ke4 {[%emt 0:01:59]} h3 {[%emt 0:01:06]} 98. Rb8 {[%emt 0:01:01]} Kg7 {[%emt 0:00:23]} 99. Rb2 {[%emt 0:00:25]} Kh6 {[%emt 0:00:40]} 100. Rb8 {[%emt 0:00:34]} Kg7 {[%emt 0:00:28]} 101. Rb2 {[%emt 0:00:06]} Ra3 {[%emt 0:00:20]} 102. Ke5 {[%emt 0:00:33]} Kh6 {[%emt 0:00:32]} 103. f5 {[%emt 0:00:31]} g5 {[%emt 0:03:23]} 104. f6 {[%emt 0:00:24]} Rf3 {[%emt 0:00:37]} 105. Rb8 {[%emt 0:00:56]} g4 {[%emt 0:00:16]} 106. Rh8+ {[%emt 0:00:33]} Kg5 {[%emt 0:00:24]} 107. Ke6 {[%emt 0:01:01]} 0-1

[Event "IND-ch Women 2019"]
[Site "Karaikkudi"]
[Date "2019.07.22"]
[Round "5.9"]
[White "Michelle Catherina, P."]
[Black "Meghna, C H"]
[Result "1-0"]
[WhiteElo "2226"]
[BlackElo "1903"]
[Annotator "TA"]
[PlyCount "57"]
[EventDate "2019.07.19"]
[EventType "swiss"]
[EventCountry "IND"]
[SourceTitle "playchess.com"]
[Source "ChessBase"]
[SourceQuality "1"]

{[%evp 17,57,20,20,9,13,12,28,29,42,29,29,29,55,58,54,57,65,66,120,69,213,212,316,321,349,341,381,394,345,345,421,408,667,647,601,496,828,820,895,877,1083,1033]} 1. e4 e6 2. d4 d5 3. Nc3 Bb4 4. exd5 exd5 5. Bd3 Nc6 6. a3 Bxc3+ 7. bxc3 Nge7 8. Qf3 Be6 9. Ne2 Qd7 10. h3 {C01: French: Exchange Variation} (10. O-O O-O 11. Nf4 Bf5 12. Re1 Rae8 13. Bd2 Bxd3 14. cxd3 Nd8 15. h3 c6 16. Qg4 Qxg4 17. hxg4 {½-½ (17) Brkic,A (2560)-Saric,A (2530) Bjelovar 2019}) 10... Bf5 11. Ng3 {[%cal Rg3f5]} Bg6 12. O-O {White has an edge.} O-O 13. h4 Bxd3 14. cxd3 Rae8 15. a4 Nd8 $146 ({Predecessor:} 15... f5 16. Nh5 Ng6 17. g3 Nd8 18. Nf4 Nxf4 19. Bxf4 {½-½ (43) Perez Garcia,R (2145)-Barrero Garcia,C (2339) Coria del Rio 2004}) 16. Ba3 f5 17. Rfe1 f4 (17... Rf7 $14) 18. Nh5 (18. Bxe7 $16 Rxe7 19. Rxe7 Qxe7 20. Qxd5+ Qe6 21. Qxe6+ Nxe6 22. Ne4) 18... Rf7 (18... Ng6 $1 $14) 19. Nxf4 $18 c6 (19... Ng6 $142) 20. Qe3 c5 21. Bxc5 b6 22. Ba3 Ndc6 23. g3 Rc8 24. Qe6 Qd8 (24... Ng6 $142 25. Nxd5 Rd8 26. Qxd7 Rfxd7) 25. Ra2 {White is clearly winning.} Rc7 26. Nxd5 Rd7 (26... Nxd5 $142 27. Qxd5 Rc8) 27. Nxe7+ Nxe7 28. Rae2 Kf8 29. c4 {Accuracy: White = 82%, Black = 22%.} 1-0

[Event "IND-ch Women 2019"]
[Site "Karaikkudi"]
[Date "2019.07.22"]
[Round "5.10"]
[White "Meenal Gupta"]
[Black "Mohota, Nisha"]
[Result "1/2-1/2"]
[WhiteElo "2004"]
[BlackElo "2221"]
[Annotator "TA"]
[PlyCount "64"]
[EventDate "2019.07.19"]
[EventType "swiss"]
[EventCountry "IND"]
[SourceTitle "playchess.com"]
[Source "ChessBase"]
[SourceQuality "1"]

{[%evp 25,64,32,46,45,49,39,39,5,15,3,42,33,47,39,60,68,48,68,61,48,52,10,1,0,67,77,129,117,96,109,127,-93,-82,-76,-45,-41,-74,-47,0,0,0]} 1. e4 e5 2. Nf3 Nc6 3. Bb5 a6 4. Ba4 Nf6 5. O-O Be7 6. Re1 b5 7. Bb3 d6 8. c3 O-O 9. h3 Na5 10. Bc2 c5 11. d4 Qc7 12. Nbd2 cxd4 13. cxd4 Bd7 14. Nf1 {C99: Closed Ruy Lopez: Chigorin Defence: 11 d4 Qc7 12 Nbd2 cxd4} Rfe8 (14... Rac8 15. Re2 Rfe8 16. Ng3 Bd8 17. b3 Nc6 18. Bb2 Qa7 19. d5 Nb4 20. Bb1 a5 21. a3 Na6 22. b4 Qb7 23. Qd2 axb4 24. axb4 {1-0 (39) Hou,Y (2649)-Short,N (2670) Hoogeveen 2016}) 15. b3 Rac8 16. Bd3 {White is slightly better.} Nc6 17. Bb2 Bf8 18. Rc1 {And now d5 would win.} Qb8 19. Qd2 $146 {[%mdl 2048] White has good play.} ({Predecessor:} 19. Ng3 g6 20. d5 Nb4 21. Bb1 a5 22. Qd2 Bg7 23. Ba3 {½-½ (72) Mednikova,S (2110)-Johnsen,S (1977) Drammen 2018}) 19... g6 20. d5 Ne7 21. Qa5 Nh5 22. Qxa6 Nf4 23. Rxc8 Rxc8 24. Bb1 b4 ({Black should play} 24... Rc7 $11 25. Nxe5 (25. Qxd6 Nc6 $14) 25... Bxh3) 25. a4 $14 f5 (25... bxa3 $142 26. Bxa3 Qxb3) 26. Ne3 $16 fxe4 27. Bxe4 {Hoping for g3.} Rc5 {[#]} 28. g3 $2 {[#]} (28. Rc1 $1 $16 {[%cal Rc1c5] stays on course. Strongly threatening Rxc5.} Bc8 29. Qf1) 28... Bc8 $1 $17 29. Qf1 Bxh3 30. Qa6 Bc8 ({But not} 30... Nfxd5 $6 31. Nc4 $16) 31. Qf1 Bh3 32. Qa6 Bc8 {Accuracy: White = 59%, Black = 48%.} 1/2-1/2

[Event "IND-ch Women 2019"]
[Site "Karaikkudi"]
[Date "2019.07.22"]
[Round "5.11"]
[White "Sunyasakta, Satpathy"]
[Black "Swati Ghate"]
[Result "0-1"]
[WhiteElo "1801"]
[BlackElo "2192"]
[Annotator "TA"]
[PlyCount "52"]
[EventDate "2019.07.19"]
[EventType "swiss"]
[EventCountry "IND"]
[SourceTitle "playchess.com"]
[Source "ChessBase"]
[SourceQuality "1"]

{[%evp 9,52,4,52,-19,-19,-16,-15,-20,43,-19,2,-89,-110,-83,-76,-75,-97,-88,-88,-101,-95,-150,-102,-141,-45,-286,-272,-307,-312,-289,-290,-576,-559,-805,-805,-804,-778,-896,-892,-29995,-29996,-29996,-29997,-29997,-29998]} 1. e4 c5 2. Nc3 e6 3. Nge2 Nc6 4. g3 Nf6 5. Bg2 a6 6. f4 {B23: Closed Sicilian: Lines without g3} (6. d4 $14) (6. O-O b5 7. d3 Bb7 8. Be3 Be7 9. h3 O-O 10. g4 d5 11. exd5 Nxd5 12. Nxd5 exd5 13. d4 cxd4 14. Nxd4 {½-½ (40) McShane,L (2706)-Caruana,F (2770) Moscow 2012}) 6... d5 $11 7. d3 Be7 8. O-O {The position is equal.} b5 (8... h5 $11) 9. exd5 $146 (9. f5 $14) ({Predecessor:} 9. f5 b4 10. exd5 exd5 11. Nb1 O-O 12. c3 Bb7 13. Nd2 a5 14. Nf3 Qb6 {1-0 (34) Smolak,E-Socha,A (2075) Zakopane 2001}) 9... exd5 10. Nxd5 (10. h3 $11 {keeps the balance.}) 10... Nxd5 $17 11. c4 Ndb4 {White must now prevent ...Bb7.} 12. a3 Rb8 13. axb4 Nxb4 14. cxb5 axb5 15. d4 ({White should try} 15. f5) 15... O-O 16. Be3 Bf5 (16... Bg4 $17 {Hoping for ...cxd4.} 17. Re1 cxd4 18. Bxd4 Rc8) 17. Ra7 $2 (17. dxc5 $15 Nc2 {[%mdl 64] Double Attack} 18. Bf2 Nxa1 19. Qxa1) 17... Re8 $19 18. dxc5 Qxd1 19. Rxd1 Bf8 {[%mdl 64] [#] Discovered Attack} 20. c6 $2 (20. Ra3 {was necessary.} Nc2 {[%mdl 64] Double Attack} 21. Nd4) 20... Rxe3 21. c7 Rbe8 22. Nd4 Re1+ 23. Rxe1 Rxe1+ 24. Kf2 Nd3+ {[%mdl 64] [#] Double Attack. Black mates.} 25. Kf3 Be4+ 26. Kg4 Nf2+ {Accuracy: White = 23%, Black = 63%.} 0-1

[Event "IND-ch Women 2019"]
[Site "Karaikkudi"]
[Date "2019.07.22"]
[Round "5.12"]
[White "Sharma Isha"]
[Black "Nandhini, Saripalli"]
[Result "1-0"]
[WhiteElo "2188"]
[BlackElo "1933"]
[Annotator "TA"]
[PlyCount "81"]
[EventDate "2019.07.19"]
[EventType "swiss"]
[EventCountry "IND"]
[SourceTitle "playchess.com"]
[Source "ChessBase"]
[SourceQuality "1"]

{[%evp 16,81,46,39,37,32,176,166,221,189,178,150,150,150,150,145,153,146,156,150,153,146,152,156,199,129,137,131,170,115,189,194,220,160,181,189,329,180,284,77,78,78,78,75,102,0,0,-197,179,179,225,125,145,156,330,325,390,378,388,389,388,324,336,348,517,515,634,610]} 1. e4 e5 2. Nf3 Nf6 3. Nxe5 d6 4. Nf3 Nxe4 5. d4 d5 6. Bd3 Nc6 7. O-O Be7 8. c3 Bg4 9. Nbd2 f5 {C42: Petroff Defence: 3 Nxe5 and unusual White 3rd moves} (9... Nxd2 10. Bxd2 O-O 11. Re1 Bd6 12. h3 Bh5 13. Be3 Re8 14. g4 Bg6 15. Bxg6 hxg6 16. Kg2 Qd7 17. Qb3 Ne7 18. Bg5 {½-½ (92) Morozevich,A (2774)-Bu,X (2708) Yerevan 2008}) 10. Qb3 Na5 (10... a6 $14) 11. Qa4+ $18 Nc6 (11... c6 {is a better defense.} 12. Ne5 Nd6) 12. Ne5 O-O $146 ({Predecessor:} 12... Nxd2 13. Bxd2 O-O 14. Nxc6 bxc6 15. Qxc6 Rf6 16. Qa4 f4 17. Qc2 {0-1 (25) Primachenko,V-Kozik,M Kiev 2010}) 13. Nxc6 bxc6 14. f3 {[%mdl 64] Double Attack} Nxd2 15. Bxd2 Bh5 16. Qxc6 Rf6 17. Qa4 $1 f4 18. b4 Bd6 19. Rae1 Rh6 20. Bf5 (20. Bb5 $18) 20... Be8 $16 21. Qb3 c6 22. Re2 (22. Be6+ $18 Bf7 23. Bxf7+ Kxf7 24. c4) 22... Qh4 (22... Bf7 $16 23. Rb1 a5) 23. h3 $18 Qg5 24. Qc2 Bg6 25. Bxg6 hxg6 (25... Rxg6 {was worth a try.} 26. Qa4 Bf8) 26. Re6 (26. Qa4 $142) 26... Rd8 (26... Qf5 $142 27. Qxf5 gxf5 28. Rxh6 gxh6) 27. Be1 $2 (27. Rfe1 $18) 27... Kf7 $16 28. h4 $1 {[%cal Rh4g5]} Qh5 {[#]} 29. Re2 $1 Kg8 30. Re6 (30. c4 $16) 30... Kf7 $1 $11 {[%cal Rf7e6]} 31. Qe2 $2 (31. Re2 $1 $11 {and White has nothing to worry.}) 31... g5 $4 {[%mdl 8192]} (31... Qf5 $19 {and life is good for Black.} 32. Rxd6 Rxd6) 32. Rxh6 $18 Qxh6 33. Qa6 $36 {[%mdl 2048] White is in control.} ({Better is} 33. hxg5 $18 Qe6 {[#]} 34. g6+ $1 {[%mdl 512]} Qxg6 35. Qa6) 33... gxh4 $16 34. Qxc6 h3 $2 (34... Qg5 $16 35. Rf2 h3) 35. Qxd5+ $18 Kf6 {intending ...hxg2.} 36. Rf2 {Hoping for Re2.} hxg2 37. Rxg2 Be7 38. Qe5+ Kf7 39. Bd2 g5 (39... Rh8 $142) 40. Qf5+ Bf6 41. Rh2 {Accuracy: White = 41%, Black = 25%.} 1-0

[Event "IND-ch Women 2019"]
[Site "Karaikkudi"]
[Date "2019.07.22"]
[Round "5.13"]
[White "Meenakshi Subbaraman"]
[Black "Pandey Srishti"]
[Result "1-0"]
[WhiteElo "2163"]
[BlackElo "1882"]
[Annotator "TA"]
[PlyCount "69"]
[EventDate "2019.07.19"]
[EventType "swiss"]
[EventCountry "IND"]
[SourceTitle "playchess.com"]
[Source "ChessBase"]
[SourceQuality "1"]

{[%evp 16,69,9,8,19,-33,-37,-15,55,23,50,32,62,48,47,56,71,68,93,73,88,85,106,100,93,83,110,91,112,108,195,68,95,83,109,100,110,48,43,71,133,124,195,183,230,230,225,210,445,340,529,536,515,511,590,582]} 1. d4 Nf6 2. Nf3 g6 3. g3 Bg7 4. Bg2 d6 5. c4 Nbd7 6. Nc3 O-O 7. O-O e5 8. dxe5 dxe5 9. Qc2 Qe7 {E67: King's Indian: Fianchetto: 6...Nbd7} (9... c6 10. b3 Re8 11. Ng5 Bf8 12. Bb2 Ng4 13. Nf3 Qe7 14. h3 Nh6 15. e4 f6 16. Nd1 Nf7 17. Ne3 a5 18. a3 Nc5 {0-1 (39) Li,B (2361)-Naiditsch,A (2698) Jiangmen 2018}) 10. Nd5 (10. e4 $11) 10... Nxd5 $15 11. cxd5 Nb6 (11... e4 $1 $11 12. Ng5 Nf6) 12. Rd1 $146 ({Predecessor:} 12. e4 f5 13. Ng5 h6 14. Ne6 Bxe6 15. dxe6 c6 16. Be3 Qxe6 17. Bh3 {½-½ (30) Bagolin,R (1869)-Beltrame,L (1575) Cavarzere 2012}) 12... Rd8 13. e4 c6 14. dxc6 {Hoping for Rxd8+.} Rxd1+ 15. Qxd1 bxc6 16. Qc2 Ba6 17. b3 ({Don't go for} 17. Qxc6 $2 Rc8 $19) 17... Rd8 18. Bf1 Bb7 19. Be3 Bf8 20. Rc1 f6 21. a4 c5 22. Nd2 Nd7 {[#]} (22... Kh8 $16) 23. Nb1 ({White should play} 23. b4 $1 $18 {[%mdl 512]}) 23... Kg7 24. a5 Nb8 25. Nc3 Qc7 26. Nd5 ({Better is} 26. Na4 $16) 26... Bxd5 $14 27. exd5 {[%cal Re3c5]} Rxd5 (27... Qxa5 $142 28. Bxc5 Bxc5 29. Qxc5 Qxc5 30. Rxc5 Kf7) 28. Bg2 $36 {[%mdl 2048] Keeping Black busy.} Rd7 (28... Rd8 $16 {was necessary.}) 29. b4 $1 $18 {[%mdl 1024] White has strong compensation.} c4 30. Qa4 c3 {intending ...Qc4.} 31. b5 Qc8 $2 (31... Rd3 32. Bf1 Rxe3 33. fxe3 Bd6) 32. Qb3 Rc7 (32... Be7 {keeps fighting.} 33. Rxc3 Rc7 34. Rxc7 Qxc7) 33. b6 {White is clearly winning.} axb6 34. axb6 Rc4 35. Bd5 {Accuracy: White = 61%, Black = 26%.} 1-0